000 00436nam a22001457a 4500
003 PILC
005 20151105115024.0
008 151105b xxu||||| |||| 00| 0 eng d
020 _a9789719800248
050 _aB 828.5
_b.T36 2013
245 _aTao po? :
_breadings in philosophy of persons /
_cLeni DLR Garcia, editor.
260 _aQuezon City :
_bC & E Publishing,
_c2013.
300 _axii, 587 pages ;
_c24 cm.
942 _2lcc
_cBK
_kLOC
999 _c288916
_d288916